Current status of modern therapy.

Bibliographic Details
Format: Serial
Language:English
Published: Lancaster, England : MTP Press ©1978-©1981
Subjects:
Online Availability: Check for online availability

MARC

Tag First Indicator Second Indicator Subfields
LEADER 00000cas a2200000 i 4500
001 in00003607083
005 20170928111435.0
006 m fo d
007 cr |||||||||||
008 160202d19781981mdu x moo 0 0eng c
010 |a  2016263009 
022 |l 0192-7736  |y 0192-7736 
030 |a CSMTDW 
035 |a (OCoLC)ocn936395023 
035 |a (OCoLC)936395023 
040 |a TXA  |b eng  |e rda  |e pn  |c TXA  |d UtOrBLW 
042 |a pcc 
049 |a TXAM 
050 1 4 |a RM260  |b .C877 Electronic 
060 4 |a W1  |b CU81S 
245 0 0 |a Current status of modern therapy. 
264 1 |a Lancaster, England :  |b MTP Press 
264 4 |c ©1978-©1981 
300 |a 1 online resource. 
310 |a Irregular 
336 |a text  |b txt  |2 rdacontent 
337 |a computer  |b c  |2 rdamedia 
338 |a online resource  |b cr  |2 rdacarrier 
362 1 |a Began with: Volume 1, copyrighted 1978; ceased with: Volume 6, copyrighted 1981. 
510 2 |a Chemical abstracts  |x 0009-2258 
588 |a Description based on: Volume 1, copyrighted 1978; title from PDF title page (Springer, viewed February 2, 2016). 
588 |a Latest issue consulted: Volume 6, copyrighted 1981 (Springer, viewed February 2, 2016). 
650 0 |a Chemotherapy.  |0 http://id.loc.gov/authorities/subjects/sh85023041 
650 2 |a Drug Therapy.  |0 https://id.nlm.nih.gov/mesh/D004358 
650 2 |a Pharmacology.  |0 https://id.nlm.nih.gov/mesh/D010600 
650 2 |a Therapeutics.  |0 https://id.nlm.nih.gov/mesh/D013812 
655 2 |a Periodicals. 
650 7 |a Chemotherapy.  |2 fast  |0 (OCoLC)fst00853595 
776 0 8 |i Print version:  |t Current status of modern therapy  |x 0192-7736  |w (DLC)sn 79018667  |w (OCoLC)5022327 
994 |a C0  |b TXA 
948 |a cataloged  |b h  |c 2016/1/6  |d o  |e lfurubot  |f 12:22:21 pm  |g CO record for numbered SpringerLink series/for SFX linking 
999 f f |s f549cc2a-71c1-392d-8720-79611d02615c  |i 17b29f61-881b-3b5a-a3e6-a22de83ef4a7  |t 0 
952 f f |a Texas A&M University  |b College Station  |c Electronic Resources  |d Available Online  |t 0  |e RM260 .C877  |g Electronic  |h Library of Congress classification 
998 f f |a RM260 .C877  |t 0  |l Available Online